| 000 | 00583nam a22002177a 4500 | ||
|---|---|---|---|
| 003 | OSt | ||
| 005 | 20140310181912.0 | ||
| 008 | 130713t xxu||||| |||| 00| 0 eng d | ||
| 020 | _a971785016x | ||
| 050 |
_aBF 637 _b.P876 1999 |
||
| 082 |
_aTR 149.5 _bP86 1999 |
||
| 245 |
_aLife's lessons _cPound, Harry D. |
||
| 260 |
_aManila, Philippines : _b Harry Pound Company, _cc1999. |
||
| 300 | _a32 p. | ||
| 520 | _a1. Success. 2. Life. 3. Optimism. 4. Meliorism. | ||
| 521 | _aFaculty | ||
| 541 | _j1 | ||
| 541 | _j2 | ||
| 562 | _e2 | ||
| 942 |
_2lcc _cBK-TR _kTR |
||
| 999 |
_c6567 _d6567 |
||